| 000 | 00498nam a22001697a 4500 | ||
|---|---|---|---|
| 005 | 20251108164645.0 | ||
| 008 | 250721s1996 xx 000 0 ara d | ||
| 082 | 1 | 4 | _a414/زين |
| 100 | 1 | _aالزين، نبيل عبد القادر | |
| 245 | 1 | 0 | _aالمرشد في البلاغة / |
| 264 | 1 |
_aعمان : _bدار اسامة للنشر والتوزيع، _c1996. |
|
| 300 | _a126ص | ||
| 650 | 1 | 7 | _aاللغة العربية |
| 650 | 1 | 7 | _aالبلاغة |
| 942 |
_2ddc _cBK |
||
| 999 |
_c11107 _d11107 |
||